Electrical components Part II: capacitors, fuses, flashers and coils, 14min [DVd video] (Record no. 292759)

000 -LEADER
fixed length control field 00490 a2200157 4500
001 - CONTROL NUMBER
control field 57686
082 ## - DEWEY DECIMAL CLASSIFICATION NUMBER
Classification number 80283
090 ## - LOCALLY ASSIGNED LC-TYPE CALL NUMBER (OCLC); LOCAL CALL NUMBER (RLIN)
-- 35367
-- 35367
100 ## - MAIN ENTRY--PERSONAL NAME
Personal name Shopware
245 ## - TITLE STATEMENT
Title Electrical components Part II: capacitors, fuses, flashers and coils, 14min [DVd video]
260 ## - PUBLICATION, DISTRIBUTION, ETC.
Place of publication, distribution, etc. NJ
Name of publisher, distributor, etc. Filmes media group
Date of publication, distribution, etc. 2006
490 ## - SERIES STATEMENT
Series statement electricity and electronics
500 ## - GENERAL NOTE
General note CD/DVD
505 ## - FORMATTED CONTENTS NOTE
Formatted contents note Avionics
600 ## - SUBJECT ADDED ENTRY--PERSONAL NAME
Personal name films for the huminities & sciences ; cambridge educational ; meridian education
942 ## - ADDED ENTRY ELEMENTS (KOHA)
Institution code [OBSOLETE] NUST-CAE
Call number prefix 80283
Holdings
Withdrawn status Lost status Damaged status Not for loan Collection code Permanent Location Current Location Date acquired Total Checkouts Full call number Barcode Date last seen Price effective from Koha item type
          College of Aeronautical Engineering (CAE) College of Aeronautical Engineering (CAE) 04/03/2017   80283 CAE80283 04/05/2017 04/05/2017 Book
© 2023 Central Library, National University of Sciences and Technology. All Rights Reserved.